000 00779cam a2200265 a 4500
001 000011875
003 DO-SdBNP
005 20240624153733.0
008 800404s1978 sp d 000 0 spa d
020 _a8431540559
035 _a(DLC) 79126779
040 _aDO-SdBNP
_cDLC
_dDLC
_dBNPHU
049 _aBNGR
082 _a465
_bS161e, 1978.
100 1 _aSalas, Rodrigo.
_928066
245 1 4 _aLos 1500 errores más frecuentes de español /
_cRodrigo Salas.
246 1 4 _aLos mil quinientos errores más frecuentes de español
250 _a2a ed.
260 _aBarcelona :
_bDe Vecchi,
_c1978.
300 _a247 p. ;
_c21 cm.
650 4 _aErrores de ortografía
_928067
650 4 _aOrtografía
_928068
910 _aCatalogación por copia / LC
942 _2ddc
_cLBS1
999 _c11547
_d11547